<?xml version="1.0" encoding="UTF-8"?>
<collection xmlns="http://www.loc.gov/MARC21/slim">
 <record>
  <leader>01260nam a22002057a 4500</leader>
  <controlfield tag="001">NCT_4_018317</controlfield>
  <controlfield tag="008">250510b        xxu||||| |||| 00| 0 vie d</controlfield>
  <datafield tag="999" ind1=" " ind2=" ">
   <subfield code="c">8882</subfield>
   <subfield code="d">8882</subfield>
  </datafield>
  <datafield tag="020" ind1=" " ind2=" ">
   <subfield code="a">9786044847801</subfield>
   <subfield code="c">185000</subfield>
  </datafield>
  <datafield tag="082" ind1="0" ind2="4">
   <subfield code="2">23rd ed.</subfield>
   <subfield code="a">720.9597</subfield>
   <subfield code="b">Kh103</subfield>
  </datafield>
  <datafield tag="100" ind1="1" ind2=" ">
   <subfield code="a">Võ Sĩ Khải</subfield>
  </datafield>
  <datafield tag="245" ind1="1" ind2="0">
   <subfield code="a">Kiến trúc trong văn hóa Óc Eo - hậu Óc Eo ở Nam Bộ : </subfield>
   <subfield code="b">Văn hóa Đồng bằng Nam Bộ - Di tích kiến trúc cổ </subfield>
   <subfield code="c">Võ Sĩ Khải</subfield>
  </datafield>
  <datafield tag="250" ind1=" " ind2=" ">
   <subfield code="a">Tái bản có chỉnh sửa</subfield>
  </datafield>
  <datafield tag="260" ind1=" " ind2=" ">
   <subfield code="a">H.</subfield>
   <subfield code="b">Tri thức </subfield>
   <subfield code="c">2025</subfield>
  </datafield>
  <datafield tag="300" ind1=" " ind2=" ">
   <subfield code="a">308 tr.</subfield>
   <subfield code="b">Minh họa</subfield>
   <subfield code="c">24 cm</subfield>
  </datafield>
  <datafield tag="520" ind1="3" ind2=" ">
   <subfield code="a">Cuốn sách giới thiệu lịch sử nghiên cứu về di tích kiến trúc từ trước năm 1975 và 1975 đến 2000. Các di tích kiến trúc cổ và di vật có liên quan ở Đồng bằng Nam Bộ, các truyền thống văn hóa và xã hội của các di tích nơi đây.</subfield>
  </datafield>
  <datafield tag="653" ind1=" " ind2=" ">
   <subfield code="a">Quản trị DV Du lịch và Lữ hành</subfield>
  </datafield>
  <datafield tag="942" ind1=" " ind2=" ">
   <subfield code="2">ddc</subfield>
   <subfield code="c">BK</subfield>
  </datafield>
  <datafield tag="952" ind1=" " ind2=" ">
   <subfield code="0">0</subfield>
   <subfield code="1">0</subfield>
   <subfield code="2">ddc</subfield>
   <subfield code="4">0</subfield>
   <subfield code="6">720_959700000000000_KH103</subfield>
   <subfield code="7">0</subfield>
   <subfield code="9">30541</subfield>
   <subfield code="a">000001</subfield>
   <subfield code="b">000001</subfield>
   <subfield code="d">2025-05-10</subfield>
   <subfield code="o">720.9597 Kh103</subfield>
   <subfield code="p">MD.23732</subfield>
   <subfield code="r">2025-05-10</subfield>
   <subfield code="v">185000.00</subfield>
   <subfield code="w">2025-05-10</subfield>
   <subfield code="y">BK</subfield>
  </datafield>
  <datafield tag="980" ind1=" " ind2=" ">
   <subfield code="a">Thư viện Trường Đại học Nam Cần Thơ</subfield>
  </datafield>
 </record>
</collection>
